| 000 | 00384nam a2200169Ia 4500 | ||
|---|---|---|---|
| 003 | 0STCL | ||
| 008 | 150530s9999 xx 000 0 und d | ||
| 040 |
_aSTCL _cSTCL |
||
| 100 | _aEarnest; Rhys; Ed | ||
| 245 | _aMinor Elizabethan drama vol-1 | ||
| 250 | _aFirst | ||
| 260 |
_bJ.M.Dent _c1920 |
||
| 546 | _aEnglish | ||
| 942 |
_2ddc _cBK |
||
| 999 |
_c56244 _d56244 |
||
| 005 | 20220125171006.0 | ||